Báo cáo tổng kết 20 năm ngành khoa học, công nghệ và môi trường Vĩnh Long (7/5/1979 - 7/5/1999)
Salvato in:
| Natura: | Libro |
|---|---|
| Lingua: | Undetermined |
| Pubblicazione: |
Vĩnh Long
Sở Khoa Học Công Nghệ và Môi Trường
1999
|
| Soggetti: | |
| Tags: |
Aggiungi Tag
Nessun Tag, puoi essere il primo ad aggiungerne! !
|
| Thư viện lưu trữ: | Trung tâm Học liệu Trường Đại học Cần Thơ |
|---|
| LEADER | 00551nam a2200157Ia 4500 | ||
|---|---|---|---|
| 001 | CTU_34969 | ||
| 008 | 210402s9999 xx 000 0 und d | ||
| 082 | |a 607.2 | ||
| 082 | |b B108 | ||
| 245 | 0 | |a Báo cáo tổng kết 20 năm ngành khoa học, công nghệ và môi trường Vĩnh Long (7/5/1979 - 7/5/1999) | |
| 260 | |a Vĩnh Long | ||
| 260 | |b Sở Khoa Học Công Nghệ và Môi Trường | ||
| 260 | |c 1999 | ||
| 650 | |a science | ||
| 904 | |i Minh, 000125 | ||
| 980 | |a Trung tâm Học liệu Trường Đại học Cần Thơ | ||